| 000 | 00551nam a2200181Ia 4500 | ||
|---|---|---|---|
| 005 | 20250508163959.0 | ||
| 008 | 008 250505s9999 xx 000 0 hin d | ||
| 037 | _aTextual | ||
| 040 |
_aFEDL _beng _cFEDL |
||
| 041 |
_ahin _2eng |
||
| 084 |
_a371.76, SHA _qFEDL |
||
| 100 |
_aSharma Vyas Dev _9776931 |
||
| 245 | 0 | _aSharirik evam swasthya shiksha ka parichya : Barhavi kaksha keliye | |
| 260 |
_aNew Delhi, India _bAcichal Publishing Company _c2001 |
||
| 300 | _a136p | ||
| 942 |
_cTEXL _h371.76, SHA |
||
| 999 |
_c1386402 _d1386402 |
||